| 000 | 00814cam a2200289 a 4500 | ||
|---|---|---|---|
| 001 | 22752 | ||
| 003 | 22817 | ||
| 005 | 20211209000840.0 | ||
| 008 | 140309s1961 onc bf 000 0 eng d | ||
| 020 | _a0665104162 | ||
| 035 | _a(BD-RjUL) | ||
| 035 | _a(BD-RjUL)22817 | ||
| 035 | _a2842078 | ||
| 040 |
_aOCLC _beng _cOCLC _dBD-RjUL |
||
| 041 | _aeng | ||
| 082 |
_a347.7 _bSEH |
||
| 100 | 1 |
_aSen, A.K. _970183 |
|
| 245 | 1 | 0 |
_aHand book of commercial law / _cby A.K. Sen |
| 250 | _a9th ed. | ||
| 260 |
_aNew dellah : _c1961. |
||
| 300 |
_a720 p. [120] ; _c23cm. |
||
| 500 | _aReproduction of original in: Seminaire de Quebec. Bibliotheque. | ||
| 650 | 0 |
_aCommercial law _xHandbooks, manuals, etc. _970184 |
|
| 830 | 0 |
_vno. 10416. _970190 |
|
| 830 | 0 |
_aCIHM/ICMH microfiche series ; _970191 |
|
| 942 |
_2ddc _cBK |
||
| 999 |
_c22752 _d22752 |
||